| 000 | 00394nam a2200145Ia 4500 | ||
|---|---|---|---|
| 008 | 090124s9999 xx 000 0 und d | ||
| 082 | _b202428 | ||
| 245 | _aTHE SPIRITUAL LIFE OF INDIAN PEOPLE | ||
| 250 | _a1 | ||
| 260 |
_bRANGANATHANANDA SWAMI _c1966 |
||
| 300 | _a40 | ||
| 630 | _aTHE SPIRITUAL LIFE OF INDIAN PEOPLE | ||
| 730 | _aTHE SPIRITUAL LIFE OF INDIAN PEOPLE | ||
| 942 | _cBOOK | ||
| 999 |
_c184009 _d184009 |
||